| 000 | 02473nam a2200349Ia 4500 | ||
|---|---|---|---|
| 999 |
_c36764 _d36764 |
||
| 001 | 2703 | ||
| 003 | GE_BSU | ||
| 005 | 20190605160224.0 | ||
| 008 | 181216s||||||||xx |||||||||||||| ||und|| | ||
| 020 | _a9782941038365 | ||
| 040 | _cGE_BSU | ||
| 041 | _ageo | ||
| 080 | _a338.43(479.22)+631.95(479.22) ს–32 | ||
| 245 |
_aსაქართველოს, მათ შორის აფხაზეთის აგრარული სექტორის თანამედროვე მდგომარეობა და მისი განვითარების პერსპექტივები : _bაფხაზეთის მეცნ. ეროვნ. აკად. აგრარ. მეცნ. განყ-ბის და საქ. მეცნ. ეროვნ. აკად. აჭარის რეგიონ. სამეცნ. ცენტრის ერთობლივი სამეცნ. კონფერენციის ანგარიში (2011 წლის 13 დეკ.) / _cრედ. ვანო პაპუნიძე. |
||
| 264 |
_aთბილისი, _c2012. |
||
| 300 | _a201 გვ. | ||
| 653 | _aსაქართველოს სოფლის მეურნეობის ეკონომიკა | ||
| 653 | _aაფხაზეთის სოფლის მეურნეობის ეკონომიკა | ||
| 700 |
_aგვაზავა, ელგუჯა _eავტორი _92118 |
||
| 700 |
_aლომთათიძე, ზურაბ _eავტორი _92119 |
||
| 700 |
_aესაკია, გურამ _eავტორი _92120 |
||
| 700 |
_aპაპუნიძე, ვანო _eავტორი _91737 |
||
| 700 |
_aნადარაია, ნუგზარ _eავტორი _92121 |
||
| 700 |
_aმიქელაძე, ალექსანდრე _eავტორი _92122 |
||
| 700 |
_aჯიქია, ლიანა _eავტორი _92123 |
||
| 700 |
_aჩანტლაძე, ზურაბ _eავტორი _92124 |
||
| 700 |
_a ჭაბუკიანი, რანი _eავტორი _92125 |
||
| 700 |
_aთავბერიძე, სოსო _eავტორი _92126 |
||
| 700 |
_aდევაძე, ასლან და სხვ. _eავტორი _92127 |
||
| 700 |
_aპაპუნიძე, ვანო _eრედაქტორი _91737 |
||
| 942 |
_cBK _2udc |
||